• AIU
  • Tony Wilmot Memorial Library

Introduction to language learning : (Record no. 64227)

MARC details
000 -LEADER
fixed length control field 00394nam a2200145 4500
005 - DATE AND TIME OF LATEST TRANSACTION
control field 20170619150157.0
082 0# - DEWEY DECIMAL CLASSIFICATION NUMBER
Classification number 405
100 1# - MAIN ENTRY--PERSONAL NAME
Personal name Burgess, Eunice & Andersson, Gunilla
245 10 - TITLE STATEMENT
Title Introduction to language learning :
Remainder of title A handbook /
250 ## - EDITION STATEMENT
Edition statement revised.
260 ## - PUBLICATION, DISTRIBUTION, ETC. (IMPRINT)
Place of publication, distribution, etc England:
Name of publisher, distributor, etc Summer Institute of Linguistics,
Date of publication, distribution, etc 1993.
300 ## - PHYSICAL DESCRIPTION
Extent 94 p.
650 #0 - SUBJECT ADDED ENTRY--TOPICAL TERM
Topical term or geographic name as entry element language learning
942 ## - ADDED ENTRY ELEMENTS (KOHA)
Source of classification or shelving scheme
Koha item type Books

No items available.